| 000 | 00734nam a22002532a 4500 | ||
|---|---|---|---|
| 001 | 27153 | ||
| 003 | BD-RjUL | ||
| 005 | 20211209051123.0 | ||
| 008 | 140324s1961 enkb b 001 0 eng d | ||
| 035 | _a(BD-RjUL)27224 | ||
| 040 |
_aAFU _cAFU _dBD-RjUL _beng |
||
| 041 | _aeng | ||
| 082 | 0 | 0 |
_a956 _218 _bKIS 1961 |
| 100 | 1 |
_aKirk, George E. _q(George Eden), _d1911- _968635 |
|
| 245 | 1 | 2 |
_aA short history of the Middle East : _bfrom the rise of Islam to modern times / |
| 250 | _a6th ed. | ||
| 260 |
_aLondon : _bMethuen, _cc1961. |
||
| 300 |
_a342 p. : _bill. ; _c22 cm |
||
| 504 | _aBibliographical footnotes. | ||
| 504 | _aIncludes index. | ||
| 651 | 0 |
_aMiddle East _xHistory. _983358 |
|
| 942 |
_2ddc _cBK |
||
| 999 |
_c27153 _d27153 |
||